The chemistry and technology of leather: (Record no. 11883)
[ view plain ]
| 000 -LEADER | |
|---|---|
| fixed length control field | 01300cam a2200301 i 4500 |
| 001 - CONTROL NUMBER | |
| control field | 4599559 |
| 005 - DATE AND TIME OF LATEST TRANSACTION | |
| control field | 19860318000000.0 |
| 008 - FIXED-LENGTH DATA ELEMENTS--GENERAL INFORMATION | |
| fixed length control field | 761028r1978 nyua b 001 0 eng |
| 010 ## - LIBRARY OF CONGRESS CONTROL NUMBER | |
| LC control number | 76050622 |
| 020 ## - INTERNATIONAL STANDARD BOOK NUMBER | |
| Terms of availability | $22.00 |
| 040 ## - CATALOGING SOURCE | |
| Original cataloging agency | DLC |
| Transcribing agency | DLC |
| Modifying agency | DLC |
| 050 10 - LIBRARY OF CONGRESS CALL NUMBER | |
| Classification number | TS967 |
| Item number | .O34 1978 |
| 082 00 - DEWEY DECIMAL CLASSIFICATION NUMBER | |
| Classification number | 675.2 |
| Edition number | 22 |
| Item number | CHE |
| 100 1# - MAIN ENTRY--PERSONAL NAME | |
| Personal name | O'Flaherty, Fred, |
| Relator term | ed. |
| 9 (RLIN) | 6283 |
| 245 14 - TITLE STATEMENT | |
| Title | The chemistry and technology of leather: |
| Statement of responsibility, etc | edited by Fred O'Flaherty, Wlliam T. Roddy and Robert M. Lollar. |
| Remainder of title | Volume 3 process control of leather quality |
| 260 ## - PUBLICATION, DISTRIBUTION, ETC. (IMPRINT) | |
| Place of publication, distribution, etc | New York : |
| Name of publisher, distributor, etc | Reinhold, |
| Date of publication, distribution, etc | 1958 |
| 300 ## - PHYSICAL DESCRIPTION | |
| Extent | 554 p. : |
| Other physical details | ill. ; |
| Dimensions | 24 cm. |
| 500 ## - GENERAL NOTE | |
| General note | Reprint of the ed. published by Reinhold Pub. Corp., New York, which was issued as no. 134 of the American Chemical Society's Monograph series. |
| 504 ## - BIBLIOGRAPHY, ETC. NOTE | |
| Bibliography, etc | Includes bibliographical references and index. |
| 505 1# - FORMATTED CONTENTS NOTE | |
| Formatted contents note | v. 1. Preparation for tannage. |
| 650 #0 - SUBJECT ADDED ENTRY--TOPICAL TERM | |
| Topical term or geographic name as entry element | Leather |
| General subdivision | Analysis. |
| 9 (RLIN) | 6284 |
| 650 #0 - SUBJECT ADDED ENTRY--TOPICAL TERM | |
| Topical term or geographic name as entry element | Leather |
| General subdivision | Testing. |
| 9 (RLIN) | 6285 |
| 700 1# - ADDED ENTRY--PERSONAL NAME | |
| Personal name | Roddy, William T. |
| 9 (RLIN) | 6286 |
| 700 1# - ADDED ENTRY--PERSONAL NAME | |
| Personal name | Lollar, Robert M. |
| Fuller form of name | (Robert Miller) |
| 9 (RLIN) | 6287 |
| 830 #0 - SERIES ADDED ENTRY--UNIFORM TITLE | |
| Uniform title | Monograph series (American Chemical Society) ; |
| Volume number/sequential designation | no. 134. |
| 9 (RLIN) | 6288 |
| 942 ## - ADDED ENTRY ELEMENTS (KOHA) | |
| Source of classification or shelving scheme | Dewey Decimal Classification |
| Item type | Book - Borrowing |
| Withdrawn status | Item status | Source of classification or shelving scheme | Damaged status | Not for loan | Vendor | Home library | Current library | Shelving location | Date acquired | Source of acquisition | Cost, normal purchase price | Total Checkouts | Full call number | Barcode | Date last seen | Koha item type |
|---|---|---|---|---|---|---|---|---|---|---|---|---|---|---|---|---|
| Dewey Decimal Classification | Alef-Baa | Central Library | Central Library | First floor | 18/06/2009 | 150.00 | 675.2 CHE | 000016816 | 15/07/2025 | Book - Borrowing |